Datum a čas kvízu
36
Celkem bodů
Celkový počet nahraných bodů na tomto kvízu bez doplňovacích otázek.
2.
Pořadí na kvízu
Konečné umístění týmu na tomto kvízu.
Zaznamenané odpovědi
| # | Otázka | Odpověď | Body | Výsledky |
|---|---|---|---|---|
| 1. | V sobotu byla v ostravském Gon... | 1 | ||
| 2. | Věznice ve městě Boram na seve... | 1 | ||
| 3. | Moderátorský tým motoristickéh... | 1 | ||
| 4. | Známá společnost v úterý otevř... | 1 | ||
| 5. | Majitel anglického fotbalového... | 1 | ||
| 6. | Toto téma je dalším, které jst... | 0 | ||
| 7. | Napište název básně ze sbírky... | 1 | ||
| 5. | Velmi osobitou postavou české... | 1 | ||
| 5. | Jak se jmenoval levicový uměle... | 1 | ||
| 10. | Jakub Arbes, mladší kolega a p... | 1 |